| 000 | 00607nam a2200205 i 4500 | ||
|---|---|---|---|
| 001 | 61291 | ||
| 003 | ES-MaACL | ||
| 005 | 20230906164424.0 | ||
| 007 | t| | ||
| 008 | 031111s1975 ag ||||1| spa d | ||
| 100 | 1 |
_aEvans-Pritchard, E. E. _948377 |
|
| 245 | 1 | 0 |
_aAntropología social / _cE.E. Evans-Pritchard ; [traducción de Sara Hebe Goldemberg]. |
| 260 |
_a[Buenos Aires] : _bNueva Visión, _c[1975] |
||
| 300 |
_a158 p. ; _c18 cm. |
||
| 490 | 1 | _aFichas | |
| 700 | 1 |
_aGoldemberg, Sara Hebe. _957652 |
|
| 830 | 0 |
_aFichas _9182784 |
|
| 852 |
_aES-MaACL _jA-5702 _bR.94629 |
||
| 999 |
_c61291 _d61291 |
||